Получение гранулированного торфа посредством продавливания через отверстия; Труды института торфа; Том 8

Бібліографічні деталі
Parent link:Труды института торфа: сборник/ Академия наук Белорусской ССР (АН БССР), Институт торфа (ИТ).— , 1951-
Том 8.— 1959.— С. 94-102
Автор: Кривошеин М. С.
Інші автори: Опейко Ф. А.
Мова:Російська
Опубліковано: 1959
Формат: MixedMaterials Частина з книги
KOHA link:https://koha.lib.tpu.ru/cgi-bin/koha/opac-detail.pl?biblionumber=205426

MARC

LEADER 00000naa2a2200000 4500
001 205426
005 20231031190442.0
035 |a (RuTPU)RU\TPU\book\223893 
035 |a RU\TPU\book\223892 
090 |a 205426 
100 |a 20111209d1959 k y0rusy50 ca 
101 0 |a rus 
102 |a RU 
200 1 |a Получение гранулированного торфа посредством продавливания через отверстия  |f М. С. Кривошеин, Ф. А. Опейко 
320 |a Библиогр.: с. 102 (6 назв.) 
461 0 |0 (RuTPU)RU\TPU\book\223500  |t Труды института торфа  |o сборник  |f Академия наук Белорусской ССР (АН БССР), Институт торфа (ИТ)  |d 1951- 
463 0 |0 (RuTPU)RU\TPU\book\223870  |t Том 8  |f под ред. Е. А. Жука  |v С. 94-102  |d 1959  |p 365 с. 
700 1 |a Кривошеин  |b М. С. 
701 1 |a Опейко  |b Ф. А. 
801 1 |a RU  |b 63413507  |c 20111209 
801 2 |a RU  |b 63413507  |c 20111209  |g RCR 
942 |c BK